000 00791nam a2200265Ia 4500
003 OSt
005 20221006160947.0
006 a|||||r|||| 00| 0
007 ta
008 221006b |||||||| |||| 00| 0 eng d
020 _a9788940050088
024 _a46,962
037 _cTextual
040 _aEASL
_cEASL
_beng
041 _2eng
_aeng
082 _aO495,1x, 111Q4
100 _aPARK Je Chun Ed.
245 0 _aNew sprouts within you
_b Poems of 11 morden Korean Poets
260 _aSeoul
_bLiterature Academy Korea
_c2014
300 _a148p.
_ccm.
490 _v KEL
_aLiterature academy english poetry series
700 _a KO Chang Soo Tr.
_9675568
942 _hO495,1x, 111Q4
_cTEXL
_2CC
999 _c1115051
_d1115051